000
00337 a2200157 4500
001
68273
020
_a
9788466808651
040
_c
Anchieta - Pituba
100
_a
Bloese, Jacquie
240
1
0
_a
Billy Elliot
_l
eng
245
1
0
_a
Billy Elliot
300
_a
40
362
0
_a
2005
650
4
_a
Literatura juvenil em inglês
942
_c
BK
999
_c
68273
_d
68273